00336nam a2200109Ia 4500008004100000245004900041245002200090260000900112650001300121999001900134952007300153171211s9999 xx 000 0 und d 4aThe Sinking of the Bismarck: The Deadly Hunt cWilliam L. Shirer c2014 xMilitary c348319d348319 001040aCLbCLd2017-12-11l0r2017-12-11 00:00:00w2017-12-11yCBE